Normal view
MARC view
Entry Topical Term
001 - CONTROL NUMBER
- control field: 4189
003 - CONTROL NUMBER IDENTIFIER
- control field: dpl
005 - DATE AND TIME OF LATEST TRANSACTION
- control field: 20100802141000.0
008 - FIXED-LENGTH DATA ELEMENTS
- fixed length control field: 100802|||a|||||| | ||| d
040 ## - CATALOGING SOURCE
- Original cataloging agency: dpl
- Transcribing agency: dpl
150 ## - HEADING--TOPICAL TERM
- Topical term or geographic name as entry element: electronic commerce
670 ## - SOURCE DATA FOUND
- Source citation: Work cat.: (dpl): Mohd Altaf 4188, Global trends in E- Commerce /, 2011
670 ## - SOURCE DATA FOUND
- Source citation: Work cat.: (dpl): Mohd Altaf 4188, Global trends in E- Commerce /, 2011
